000 01592cam a22004337a 4500
001 000094699
003 CHAP
005 20220817044044.0
008 051019d2005 mx ad r 00110 spa d
010 _a91165
011 _a92137
035 _a102700
040 _cCHAP
090 _aTesis
100 0 0 _aHernández Ruiz, Clicerio.
_954573
245 1 0 _aEfecto de tres niveles de sombreo en la producción de Iris bulboso (Iris x hollandica Tub.) var. Casa Blanca /
_c/por Clicerio Hernández Ruiz.
260 _aChapingo, Méx. :
_bEl autor,
_c2005.
300 _a54 h. :
_bilus. ; gráfs. ; cuadros.
502 _aTesis (Ing. Agr. Esp. en Fitotecnia) -- UACH. Departamento de Fitotecnia
590 _aALEPH
_b10
_c20130110
_lUCH01
_h1506
590 _aBATCH-UPD
_b10
_c20130110
_lUCH01
_h0550
590 _aBATCH-UPD
_b10
_c20130410
_lUCH01
_h0231
590 _aBATCH-UPD
_b10
_c20130914
_lUCH01
_h1418
590 _aBATCH-UPD
_b10
_c20140324
_lUCH01
_h1452
590 _aBATCH-UPD
_b10
_c20141002
_lUCH01
_h0827
590 _aCONVERSION
_b10
_c20130109
_lUCH01
_h1350
590 _aE12093SGE
_b10
_c20130612
_lUCH01
_h1002
650 1 4 _aFlores
_xProducción.
650 1 4 _aHidroponía.
_955280
650 1 4 _aIris.
_960356
650 1 4 _aSombra
_xEfecto en plantas.
_9108539
856 _3Finding aid
_uhttp://10.13.5.2/tesis/102700.pdf
_zTeclea aquí
901 _aBK
905 _aMarco A. Mendoza T.
942 _cCD
942 _n0
949 _aTesis
_bBC
_cTES
_d1027001
_eTS1
_gDonaciØn
_h44209
_i102700
_sb
949 _aTesis
_bBC
_cTES
_d33724000965380
_eTS2
_fc.2
_gDonaciØn
_h44210
_i102700
_si
999 _c91165
_d91165